000 00220 a2200097 4500
001 24096
100 _aBarton, G
245 _aIntroductionto advanced field theory
260 _a
_bNorth Holland
_c
090 _c16296
_d16296
942 _aNUST-CAE
_cM
_c6998
999 _c259169
_d259169